00789 2200277 4500001002100000005001500021035002500036008004100061020002200102040001700124082001500141084001700156100001500173245006300188250001100251260003600262300004200298650004700340850001200387007000300399090002100402090002200423999002200445990002200467990002200489INLIS00000000000798020200521113702 a0010-071500000000663150710s2014 yoia g ind d a978-602-262-191-1 aYOPDYOGbind04222a610.73 a610.73 OKT a0 aOktavianus00aAsuhan keperawatan pada sistem neurobehavior /cOktavianus aCet. 13 aYogyakarta :bGraha Ilmu,c2014 aix, 145 halaman :bilustrasi ;c23 cm 4aPerawat dan perawatan-Sistem Neurobehavior aYOPDYOGta aDEP 610.73 OKT a aCB-D.11 2014-1251 aCB-D.11/2014-1251 aCB-D.11/2014-1251 aCB-D.11/2014-1251